| 000 | 01738cam a22003734a 4500 | ||
|---|---|---|---|
| 001 | 13198312 | ||
| 005 | 20070410073332.0 | ||
| 008 | 030513s2008 paua |rbf 001 0 eng | ||
| 010 | _a | ||
| 020 | _a9781582555676 | ||
| 020 | _a1582555672 | ||
| 035 | _a(DNLM)101178450 | ||
| 040 |
_aDNLM/DLC _cDLC _dDLC |
||
| 042 | _apcc | ||
| 050 | 0 | 0 |
_aRT51 _b.M436 2004 |
| 060 | 1 | 0 |
_aWY 49 _bM4896 2004 |
| 082 | 0 | 0 |
_a610.73 _222 _bMED |
| 245 | 0 | 0 |
_aMedical-Surgical Nursing Made Incredibly Easy!/ _cLippincott Williams & Wilkins. |
| 250 | _a2nd ed. | ||
| 260 |
_aPhiladelphia : _bLippincott Williams & Wilkins, 2008 _c2008 |
||
| 300 |
_a953 p. : _bill. (some col.) ; _c24 cm. |
||
| 504 | _aIncludes bibliographical references (p. 941) and index. | ||
| 650 | 0 |
_aSurgical nursing _vHandbooks, manuals, etc. _912116 |
|
| 650 | 0 |
_aNursing _vHandbooks, manuals, etc. _912117 |
|
| 650 | 1 | 2 |
_aNursing Care _xmethods _vHandbooks. _912118 |
| 650 | 2 | 2 |
_aPerioperative Nursing _xmethods _vHandbooks. _912119 |
| 710 | 1 |
_aLippincott Williams & Wilkins. _912120 |
|
| 856 | 4 | 1 |
_3Table of contents _uhttp://www.loc.gov/catdir/toc/ecip044/2003011172.html |
| 856 | 4 | 2 |
_3Publisher description _uhttp://www.loc.gov/catdir/enhancements/fy0712/2003011172-d.html |
| 942 |
_2ddc _cNRB |
||
| 999 |
_c13556 _d13556 |
||